Helen a menina do silêncio e da noite (Record no. 45459)

MARC details
000 -Etiqueta do registo
Valores 00589cam a2200217 04500
021 ## - Número do Depósito Legal
Número 22220/88
100 ## - Dados gerais de processamento
Dados gerais 19881104d1988 a y0pory5003 ba
101 1# - Língua de publicação
Língua por
102 ## - País de publicação
País PT
200 1# - Titulo e menção de responsabilidade
Título próprio Helen a menina do silêncio e da noite
Primeira menção de responsabilidade Anne Marchon
Outras menções de responsabilidade il. Colette Camil
210 #9 - Publicação
Local de publicação [Porto]
Nome do editor Desabrochar,
Data de publicação D.L. 1988
215 ## - Descrição física 
Paginação / Volumes 47 p.
Outras indicações físicas il.
Dimensões 27 cm
Material acompanhante 1 cassete
225 2# - Colecção 
Título próprio da colecção Arco-íris
Indicação de volume 3
300 ## - Notas gerais 
Texto da nota p. 41-47 : texto em braille
675 ## - CDU
Notação 087.5
Edição BN
Língua por
700 #1 - Autor principal
Apelido Marchon,
Nome Anne
702 #1 - Autor secundário
Apelido Camil,
Nome Colette
Função 440
801 #0 - Fonte de origem
País PT
Agência BN
Regras de catalogação RPC
990 ## - Elementos KOHA
Tipo de documento Livro
Holdings
Aquisição Empréstimo Código de barras Cota Permissão de empréstimo Tipo de documento
Biblioteca do Centro Escolar de Montoito Biblioteca do Centro Escolar de Montoito 81777 82-93 MAR LIT. INF. JUV.   Livro

Powered by Koha